000 01798cam a2200409 i 4500
001 750
005 20241104142504.0
020 _a9780545676052
040 _aNJQ/DLC
_beng
_cNJQ
_erda
_dDLC
050 0 0 _aPZ7.R69
_bHo 2015
082 0 4 _a303
_223
100 1 _aRorby, Ginny
_eauthor
245 1 0 _aHow to speak dolphin
_cGinny Rorby
250 _aThis edition first printing, February 2015
260 _bScholastic,
_aNew York :
_c2015
300 _a264 pages :
_c22 cm
_billustrations ;
505 _aR
520 _aSince her mother died, twelve-year-old Lily has struggled to care for her severely autistic half-brother, Adam, in their Miami home, but she is frustrated and angry because her oncologist step-father, Don, expects her to devote her time to Adam, and is unwilling to admit that Adam needs professional help--but when Adam bonds with a young dolphin with cancer Lily is confronted with another dilemma: her family or the dolphin's freedom.
521 _a780
_bLexile
521 _aR
_bRaz-Plus
650 0 _aAutistic children
_vFiction and Literature.
650 0 _aDolphins
_vFiction and Literature.
650 0 _aBrothers and sisters
_vFiction and Literature.
650 0 _aFathers and daughters
_vFiction and Literature.
650 0 _aStepfathers
_vFiction and Literature.
650 0 _aFamilies
_zFlorida
_zMiami
_vFiction and Literature.
650 0 _aResponsibility
_vFiction and Literature.
650 1 _aAutism
_vFiction.
650 1 _aDolphins
_vFiction.
650 1 _aSiblings
_vFiction.
650 1 _aFathers and daughters
_vFiction.
650 1 _aStepfathers
_vFiction.
650 1 _aFamily life
_zFlorida
_zMiami
_vFiction.
650 1 _aResponsibility
_vFiction.
906 _a7
_bcbc
_corignew
_d1
_eecip
_f20
_gy-gencatlg
942 _2ddc
_cBK
_n0
999 _c750
_d750